Die Volkunst in Deutschland

Salvato in:
Dettagli Bibliografici
Autore principale: Schlee, Ernst (Autore)
Natura: Libro
Lingua:tedesco
Pubblicazione: München : Callwey, 1978
Tags: Aggiungi Tag
Nessun Tag, puoi essere il primo ad aggiungerne!!

MARC

LEADER 00000nam a22000003a 4500
001 stu167817
005 20150617230030.1
008 080813s1978----gw------------------ger-d
040 |a STU  |b slo 
041 0 |a ger 
044 |a gw 
100 1 |a Schlee, Ernst  |4 aut 
245 1 |a Die Volkunst in Deutschland 
260 |a München :  |b Callwey,  |c 1978 
300 |a 319 s 
996 |b 284V028379  |c V*23224/E-1132  |l VVT  |s A  |a 24  |w stu167817_0001